|
|
|
|
| LEADER |
00820nam a2200229 a 4500 |
| 001 |
000488876 |
| 003 |
CZ BrMZK |
| 005 |
20140325132350.0 |
| 007 |
ta |
| 008 |
000105s1983 xo f slo d |
| 040 |
|
|
|a BOA001
|b cze
|
| 080 |
|
|
|a 338.436.32:681.3
|2 MRF
|
| 245 |
0 |
0 |
|a Výpočtová technika v analýzach polnohospodársko-potravinárskeho komplexu /
|c Juraj Cvečko ... [et al.]
|
| 260 |
|
|
|a Bratislava :
|b Príroda,
|c 1983
|
| 300 |
|
|
|a 175 s.
|
| 490 |
1 |
|
|a Ekonomika poľnohospodárstva
|
| 700 |
1 |
|
|a Cvečko, Juraj
|7 mzk2014813630
|4 aut
|
| 830 |
|
0 |
|a Ekonomika poľnohospodárstva
|
| 910 |
|
|
|a BOA001
|b 2-0868.245
|
| 964 |
|
|
|a Technika výpočetní - komplex zemědělsko-potravinářský - analýzy
|
| 990 |
|
|
|a BK
|
| 996 |
7 |
|
|b 2619369765
|c 2-0868.245
|l MZK
|r Sklad / do 1 hodiny
|n 0
|w 000488876
|u 000010
|a 1
|e BOA001
|j MZK50
|s A
|